Natural Resources Management and Land Use : (Record no. 42134)

MARC details
000 -LEADER
fixed length control field 00489nam a22001457a 4500
008 - FIXED-LENGTH DATA ELEMENTS--GENERAL INFORMATION
fixed length control field 130823b xxu||||| |||| 00| 0 eng d
020 ## - INTERNATIONAL STANDARD BOOK NUMBER
International Standard Book Number 9789970452026
050 ## - LIBRARY OF CONGRESS CALL NUMBER
Classification number HC865
Item number .N38 2011
245 ## - TITLE STATEMENT
Title Natural Resources Management and Land Use :
Remainder of title proceedings of the cluster workshop /
Statement of responsibility, etc edited by P. Okinda - Owuor et al
260 ## - PUBLICATION, DISTRIBUTION, ETC. (IMPRINT)
Place of publication, distribution, etc Nairobi
Name of publisher, distributor, etc Vicres
Date of publication, distribution, etc 2011
300 ## - PHYSICAL DESCRIPTION
Extent 223 p.;
Dimensions 25cm.
500 ## - GENERAL NOTE
General note includes refernces
650 ## - SUBJECT ADDED ENTRY--TOPICAL TERM
Topical term or geographic name as entry element Natural resource -- management -- Kenya
942 ## - ADDED ENTRY ELEMENTS (KOHA)
Source of classification or shelving scheme Library of Congress Classification
Item type Book
Holdings
Withdrawn status Lost status Source of classification or shelving scheme Damaged status Not for loan Collection code Home library Current library Shelving location Date acquired Source of acquisition Total Checkouts Full call number Barcode Date last borrowed Copy number Price effective from Koha item type
    Library of Congress Classification     Non-fiction Bishop Okullu Memorial Library (Limuru Campus) Bishop Okullu Memorial Library (Limuru Campus) General Circulation 26/08/2013 donation 2 HC865 .N38 2011 036821 26/03/2018 1 26/08/2013 Book